000 00809 a2200193 4500
999 _c5334
_d5334
020 _a9780415128346
050 0 0 _aLC 5215.T57 1996
100 1 _aTight, Malcolm.
_eAuthor
245 1 0 _aKey concepts in adult education and training /
_cMalcolm Tight
264 _aNew York:
_bRoutledge,
_c1996
300 _aix, 180 p. :
_bill. ;
500 _aIncludes bibliographical references (p. [156]-177) and index.
504 _aIncludes bibliographical references (p. [156]-177) and index.
650 0 _aAdult education.
650 0 _aAdult education
_xStudy and teaching.
856 4 2 _3Publisher description
_uhttp://www.loc.gov/catdir/enhancements/fy0649/95025982-d.html
942 _2lcc
_cBK
_h5215.T57
_iTIG
_kLC